000 00494nam a2200193 a 4500
001 1754990646976
003 ACL
005 20250812153359.0
008 250812s2003##################000#0#eng##
020 _a9781860644658
082 0 4 _a722.203
_bARN
100 1 _aArnold, Dieter,
_eauthor.
245 1 0 _aThe Encyclopaedia of Ancient Egyptian Architecture :
260 _bSiglo XXI,
_c2003.
300 _a298 pages
650 0 _aArchitecture.
942 _cENGLISH
040 _aACL
_beng
_cACL
999 _c581496
_d581496